[Event "IND-ch U15 49th"]
[Site "Hosur"]
[Date "2024.11.10"]
[Round "10"]
[White "Mukund Hemant, Agarwal"]
[Black "Abhinav, Raj"]
[Result "1/2-1/2"]
[WhiteElo "2055"]
[BlackElo "1915"]
[PlyCount "106"]
[EventDate "2024.11.03"]
[EventType "swiss"]
[EventRounds "11"]
[EventCountry "IND"]
[SourceTitle "CB45_2024"]
[Source "ChessBase"]
[SourceDate "2024.11.06"]
[SourceVersion "1"]
[SourceVersionDate "2024.11.06"]
[SourceQuality "1"]

1. e4 c5 2. Nf3 Nc6 3. Bb5 e6 4. 0-0 Nge7 5. Re1 a6 6. Bf1 d5 7. exd5 Nxd5 8. d4 Nf6 9. Be3 cxd4 10. Nxd4 Nxd4 11. Bxd4 Be7 12. c4 Bd7 13. Nc3 Bc6 14. a3 0-0 15. b4 Qd7 16. Qd3 Rfd8 17. Rad1 Qc7 18. h3 Qf4 19. Qe3 Bd6 20. Qxf4 Bxf4 21. a4 e5 22. Bb6 Rxd1 23. Rxd1 Nd7 24. Bc7 Rc8 25. Bd6 b6 26. c5 Bb7 27. Be7 Nf8 28. Nd5 bxc5 29. Bxc5 Bg5 30. Nb6 Rd8 31. Rxd8 Bxd8 32. Nc4 Nd7 33. Nd6 Bc6 34. Bxa6 Bxa4 35. Be3 Bb6 36. Nc4 Bxe3 37. fxe3 Bb3 38. Bb5 Bxc4 39. Bxd7 Bd5 40. Kf2 Kf8 41. Bf5 g6 42. Bc2 Ke7 43. e4 Bc4 44. h4 h5 45. Ke3 Be6 46. g3 Kd6 47. Ba4 Bc4 48. Kd2 Ba2 49. Ke3 Bc4 50. Kd2 Ba2 51. Kc2 Kc7 52. Kb2 Bc4 53. Kc3 Ba2 1/2-1/2

[Event "IND-ch U17 34th"]
[Site "Chandigarh"]
[Date "2024.07.23"]
[Round "11"]
[White "Mukund Hemant, Agarwal"]
[Black "Vignesh, Advaith Vemula"]
[Result "1/2-1/2"]
[WhiteElo "2132"]
[BlackElo "2201"]
[PlyCount "82"]
[EventDate "2024.07.15"]
[EventType "swiss"]
[EventRounds "11"]
[EventCountry "IND"]
[SourceTitle "CBM 221 Extra"]
[Source "ChessBase"]
[SourceDate "2024.09.30"]
[SourceVersion "1"]
[SourceVersionDate "2024.09.30"]
[SourceQuality "1"]

1. e4 c5 2. Nf3 d6 3. Bb5+ Bd7 4. Bxd7+ Qxd7 5. c4 Nf6 6. Nc3 g6 7. d4 cxd4 8. Nxd4 Bg7 9. f3 0-0 10. Be3 Nc6 11. 0-0 Rfd8 12. Qd2 e6 13. Rad1 a6 14. a4 Qc7 15. Nxc6 bxc6 16. Bg5 Rdb8 17. Qxd6 Qxd6 18. Rxd6 Rxb2 19. Rxc6 Ne8 20. Rc1 Bd4+ 21. Kh1 Kg7 22. h3 h6 23. Bh4 Nf6 24. Rd6 Be5 25. Rdd1 Nh5 26. Be1 Nf4 27. Rd2 Rb3 28. Rdd1 Rb2 29. g3 Nxh3 30. f4 Bc7 31. Rd7 Bb6 32. Rb7 Rd8 33. c5 Nf2+ 34. Bxf2 Rxf2 35. Rxb6 Rdd2 36. c6 Rh2+ 37. Kg1 Rdg2+ 38. Kf1 Rf2+ 39. Ke1 Rfg2 40. Kf1 Rf2+ 41. Ke1 Rfg2 1/2-1/2

[Event "Wch U20 61st"]
[Site "Gandhinagar"]
[Date "2024.06.10"]
[Round "8"]
[White "Bhoir, Paras Dilip"]
[Black "Mukund Hemant, Agarwal"]
[Result "1-0"]
[WhiteElo "2016"]
[BlackElo "2196"]
[PlyCount "89"]
[EventDate "2024.06.02"]
[EventType "swiss"]
[EventRounds "11"]
[EventCountry "IND"]
[SourceTitle "CBM 220 Extra"]
[Source "ChessBase"]
[SourceDate "2024.07.31"]
[SourceVersion "1"]
[SourceVersionDate "2024.07.31"]
[SourceQuality "1"]

1. e4 c5 2. Nf3 d6 3. d4 cxd4 4. Nxd4 Nf6 5. Nc3 Nc6 6. Bg5 e6 7. Qd2 a6 8. 0-0-0 Bd7 9. Kb1 Nxd4 10. Qxd4 Be7 11. f3 Qc7 12. g4 b5 13. Be3 0-0 14. g5 Nh5 15. Ne2 Rfc8 16. Qd2 g6 17. Bh3 Bc6 18. Bg4 Ng7 19. h4 d5 20. e5 Nf5 21. Bxf5 exf5 22. Bf4 Bf8 23. Nd4 Bg7 24. Qh2 Re8 25. h5 Qd7 26. hxg6 hxg6 27. Qh7+ Kf8 28. Rde1 Rac8 29. Bd2 Qe7 30. a3 Bd7 31. Bb4 Rc5 32. Nb3 Rec8 33. Qh2 a5 34. Bxc5 Rxc5 35. Nxc5 Qxc5 36. Qd2 b4 37. axb4 axb4 38. Rh4 b3 39. cxb3 f4 40. Rxf4 Bf5+ 41. Rxf5 gxf5 42. f4 Qb5 43. Rd1 Kg8 44. Qxd5 Qb4 45. g6 1-0

[Event "Wch U20 61st"]
[Site "Gandhinagar"]
[Date "2024.06.07"]
[Round "6"]
[White "Wafa, Hamed"]
[Black "Mukund Hemant, Agarwal"]
[Result "1-0"]
[WhiteElo "2396"]
[BlackElo "2196"]
[PlyCount "89"]
[EventDate "2024.06.02"]
[EventType "swiss"]
[EventRounds "11"]
[EventCountry "IND"]
[SourceTitle "CBM 220 Extra"]
[Source "ChessBase"]
[SourceDate "2024.07.31"]
[SourceVersion "1"]
[SourceVersionDate "2024.07.31"]
[SourceQuality "1"]

1. e4 c5 2. Nf3 d6 3. d4 cxd4 4. Nxd4 Nf6 5. Nc3 Nc6 6. Bg5 e6 7. Qd2 a6 8. Nxc6 bxc6 9. 0-0-0 Be7 10. h4 d5 11. g4 Nxg4 12. Bxe7 Qxe7 13. Rg1 h5 14. f3 Ne5 15. Qf2 Ng6 16. Rg5 Qa7 17. Qg3 Qe3+ 18. Kb1 0-0 19. Bd3 Qf4 20. Qg1 Rb8 21. Ne2 Qf6 22. b3 a5 23. Qg3 dxe4 24. Bxe4 Rb5 25. Bxg6 Rxg5 26. hxg5 Qxg6 27. Nf4 Qh7 28. g6 Qh6 29. Rh1 fxg6 30. Nxg6 Rf7 31. Rg1 Qe3 32. Ne5 h4 33. Qh2 Qf4 34. Qe2 Ba6 35. Qe1 Rf5 36. Ng6 Qd6 37. Qxh4 Kf7 38. f4 Qc5 39. Qg3 Ke8 40. Re1 Kf7 41. Ne5+ Kg8 42. Qh4 g5 43. Qh6 Qf2 44. Qxe6+ Kg7 45. Qg6+ 1-0

[Event "Sharjah Challengers 7th"]
[Site "Sharjah"]
[Date "2024.05.21"]
[Round "8"]
[White "Ahmad, Al Khatib"]
[Black "Mukund Hemant, Agarwal"]
[Result "0-1"]
[WhiteElo "2380"]
[BlackElo "2090"]
[PlyCount "124"]
[EventDate "2024.05.14"]
[EventType "swiss"]
[EventRounds "9"]
[EventCountry "UAE"]
[SourceTitle "CBM 220 Extra"]
[Source "ChessBase"]
[SourceDate "2024.07.31"]
[SourceVersion "1"]
[SourceVersionDate "2024.07.31"]
[SourceQuality "1"]

1. e4 c5 2. Nf3 d6 3. d4 cxd4 4. Nxd4 Nf6 5. Bd3 Nc6 6. Nxc6 bxc6 7. 0-0 e5 8. c4 Be7 9. Nc3 0-0 10. h3 Be6 11. Be3 d5 12. cxd5 cxd5 13. exd5 Nxd5 14. Nxd5 Qxd5 15. b3 Rfd8 16. Bc4 Qe4 17. Qb1 Qc6 18. Qb2 Bxc4 19. Rac1 Rab8 20. Qa1 Rb4 21. Rxc4 Rxc4 22. bxc4 Qxc4 23. Qxe5 Bd6 24. Qa5 Bc7 25. Qxa7 Bh2+ 26. Kxh2 Qxf1 27. a4 Qa1 28. a5 Qe5+ 29. f4 Qe4 30. a6 Re8 31. Bf2 Ra8 32. Qc7 h6 33. a7 Re8 34. Bc5 Qa8 35. Bd6 Re2 36. Qb8+ Re8 37. Qxa8 Rxa8 38. Bb8 f5 39. Kg3 Kf7 40. Kf3 Ke6 41. Ke3 Kd5 42. Kd3 g6 43. g4 Kc5 44. Ke3 Kd5 45. Kf3 Ke6 46. Ke2 Kd5 47. Ke3 Kc4 48. h4 fxg4 49. h5 gxh5 50. f5 Kd5 51. Kf4 Kc6 52. f6 Kd7 53. Kf5 g3 54. f7 Ke7 55. Kg6 g2 56. Bh2 Rxa7 57. Bd6+ Ke6 58. f8Q g1Q+ 59. Kxh6 Qg7+ 60. Kxh5 Qh7+ 61. Kg4 Rg7+ 62. Kf3 Rf7+ 0-1

[Event "IND-chT 43rd"]
[Site "Dharamshala"]
[Date "2024.04.01"]
[Round "6.3"]
[White "Mukund Hemant, Agarwal"]
[Black "Das, Sayantan"]
[Result "1-0"]
[WhiteElo "2005"]
[BlackElo "2502"]
[PlyCount "79"]
[EventDate "2024.03.29"]
[EventType "team-swiss"]
[EventRounds "9"]
[EventCountry "IND"]
[SourceTitle "CBM 219 Extra"]
[Source "ChessBase"]
[SourceDate "2024.05.31"]
[SourceVersion "1"]
[SourceVersionDate "2024.05.31"]
[SourceQuality "1"]
[WhiteTeam "Gujarat"]
[BlackTeam "Railway Sport PB II"]
[WhiteTeamCountry "IND"]
[BlackTeamCountry "IND"]

1. e4 e5 2. Nf3 Nc6 3. Bb5 a6 4. Ba4 Nf6 5. 0-0 d6 6. Re1 Bd7 7. c3 g6 8. h3 Bg7 9. d4 0-0 10. Nbd2 Nh5 11. Nf1 Qe8 12. Bc2 f5 13. exf5 gxf5 14. dxe5 dxe5 15. Ng3 Nxg3 16. fxg3 Qe7 17. Bg5 Bf6 18. Bh6 Rfe8 19. Ng5 Bxg5 20. Bxg5 Qxg5 21. Qxd7 e4 22. Rf1 Re5 23. Qxc7 Rf8 24. Qxb7 Ne7 25. Rae1 Qxg3 26. Qxa6 Ng6 27. Qc4+ Kg7 28. Qd4 Nh4 29. Re2 Rfe8 30. Kh1 Ng6 31. Rxf5 Kh6 32. Rxe5 Rxe5 33. Qe3+ Qxe3 34. Rxe3 Rd5 35. Bxe4 Re5 36. Kg1 Nf4 37. Kf2 Kg5 38. h4+ Kf6 39. g3 Ne6 40. Bxh7 1-0

[Event "Bangalore op-A 1st"]
[Site "Bangalore"]
[Date "2024.01.20"]
[Round "4"]
[White "Nguyen, Duc Hoa"]
[Black "Mukund Hemant, Agarwal"]
[Result "0-1"]
[WhiteElo "2322"]
[BlackElo "1852"]
[PlyCount "130"]
[EventDate "2024.01.18"]
[EventType "swiss"]
[EventRounds "10"]
[EventCountry "IND"]
[SourceTitle "CBM 218 Extra"]
[Source "ChessBase"]
[SourceDate "2024.03.31"]
[SourceVersion "1"]
[SourceVersionDate "2024.03.31"]
[SourceQuality "1"]

1. e4 c5 2. Nf3 d6 3. d4 cxd4 4. Nxd4 Nf6 5. Nc3 Nc6 6. Bg5 e6 7. Qd2 a6 8. 0-0-0 Bd7 9. f4 Be7 10. Nf3 b5 11. Bxf6 gxf6 12. Kb1 Qb6 13. g3 b4 14. Ne2 h5 15. Qe1 Rc8 16. f5 e5 17. Nc1 a5 18. Rd5 Na7 19. Nd2 Nb5 20. Nc4 Qc7 21. Nb3 a4 22. Nba5 a3 23. Qxb4 axb2 24. Rxb5 d5 25. Qd2 Bxb5 26. exd5 Bxc4 27. Bxc4 0-0 28. Nc6 Kg7 29. Qe2 Rh8 30. Rd1 Bd6 31. Qe3 Ra8 32. Rd3 Ra4 33. Bb5 Rg4 34. a4 Rg5 35. c4 h4 36. g4 e4 37. Qxe4 Bxh2 38. c5 Qf4 39. Qxf4 Bxf4 40. Rh3 Rxg4 41. Kxb2 Rg2+ 42. Kc3 Rg3+ 43. Rxg3+ hxg3 44. Bf1 Rh1 45. Bg2 Rh2 46. Bf3 Rf2 47. Bh1 Rh2 48. Bf3 Rf2 49. Bh1 Rh2 50. Bf3 Be3 51. Kc4 Rf2 52. Bh1 Rf1 53. Bg2 Rc1+ 54. Kd3 Bxc5 55. Ke2 Rc2+ 56. Kf3 Bd6 57. Bh3 Rf2+ 58. Ke4 g2 59. Bxg2 Rxg2 60. a5 Ra2 61. Kd4 Bc7 62. Kc5 Bxa5 63. d6 Rc2+ 64. Kb5 Rxc6 65. Kxc6 Kh6 0-1

[Event "IND-ch U19"]
[Site "Ahmedabad"]
[Date "2023.09.25"]
[Round "8"]
[White "Mukund Hemant, Agarwal"]
[Black "Jai, Sankar Subramanian"]
[Result "1/2-1/2"]
[WhiteElo "1917"]
[BlackElo "1761"]
[PlyCount "190"]
[EventDate "2023.09.20"]
[EventType "swiss"]
[EventRounds "11"]
[EventCountry "IND"]
[SourceTitle "CBM 216 Extra"]
[Source "ChessBase"]
[SourceDate "2023.11.30"]
[SourceVersion "1"]
[SourceVersionDate "2023.11.30"]
[SourceQuality "1"]

1. d4 Nf6 2. Nf3 g6 3. c4 Bg7 4. g3 c6 5. Bg2 0-0 6. 0-0 d5 7. cxd5 cxd5 8. Nc3 Nc6 9. Ne5 Nd7 10. Nxd5 Ncxe5 11. dxe5 e6 12. Nc3 Nxe5 13. Qb3 Nc6 14. Be3 Nd4 15. Bxd4 Qxd4 16. Rfd1 Qe5 17. Rac1 Rb8 18. e4 Qa5 19. Nb5 Qb6 20. Rd6 Qa5 21. Rdd1 Bh6 22. Rc4 a6 23. Nd6 b5 24. Rc5 Qb6 25. Qc2 Bb7 26. e5 Bxg2 27. Kxg2 Rfd8 28. Rc6 Qa7 29. Rc7 Qb6 30. Kh3 Bf8 31. Rc6 Qa5 32. Nb7 Rxb7 33. b4 Bxb4 34. Rxd8+ Qxd8 35. Rc8 Rb8 36. Rxd8+ Rxd8 37. Qc6 a5 38. Qxb5 Rd2 39. a3 Bxa3 40. Qxa5 Rd3 41. f4 Bf8 42. Kg2 h5 43. Qa2 Kg7 44. Qe2 Ra3 45. Qf2 Be7 46. h3 Rb3 47. Qc2 Ra3 48. Qb2 Kg8 49. Qe2 Kg7 50. g4 hxg4 51. hxg4 Ra4 52. Qf2 g5 53. f5 Rxg4+ 54. Kh3 Rh4+ 55. Kg3 Rf4 56. f6+ Bxf6 57. exf6+ Rxf6 58. Qd4 Kg6 59. Qe5 Rf4 60. Qh8 Rh4 61. Qg8+ Kf6 62. Qd8+ Kf5 63. Qd3+ Kf6 64. Qd8+ Kf5 65. Qd3+ Re4 66. Qf3+ Rf4 67. Qd3+ Ke5 68. Qc3+ Kf5 69. Qd3+ Ke5 70. Qc3+ Ke4 71. Qc4+ Ke5 72. Qc3+ Kd6 73. Qa3+ Kd7 74. Qa7+ Ke8 75. Qb8+ Ke7 76. Qc7+ Kf6 77. Qd8+ Kf5 78. Qd3+ Ke5 79. Qc3+ Kf5 80. Qd3+ Re4 81. Qf3+ Rf4 82. Qd3+ Ke5 83. Qc3+ Kf5 84. Qd3+ Kf6 85. Qd8+ Kg6 86. Qg8+ Kh6 87. Qh8+ Kg6 88. Qg8+ Kf6 89. Qd8+ Kf5 90. Qd3+ Re4 91. Qf3+ Rf4 92. Qd3+ Ke5 93. Qc3+ Ke4 94. Qc4+ Ke5 95. Qc3+ Kf5 1/2-1/2

[Event "Asia-ch U20"]
[Site "Jamshedpur"]
[Date "2023.09.11"]
[Round "4"]
[White "Mukund Hemant, Agarwal"]
[Black "Vihaan, Karthikeya N"]
[Result "1/2-1/2"]
[WhiteElo "1917"]
[BlackElo "1615"]
[PlyCount "62"]
[EventDate "2023.09.09"]
[EventType "swiss"]
[EventRounds "9"]
[EventCountry "IND"]
[SourceTitle "CBM 216 Extra"]
[Source "ChessBase"]
[SourceDate "2023.11.30"]
[SourceVersion "1"]
[SourceVersionDate "2023.11.30"]
[SourceQuality "1"]

1. e4 e6 2. Qe2 c5 3. Nf3 Nc6 4. g3 g6 5. Bg2 Bg7 6. d3 Nge7 7. 0-0 0-0 8. c3 d6 9. Rd1 e5 10. a3 a5 11. a4 f6 12. h3 Be6 13. Na3 f5 14. Nc4 h6 15. Kh2 Kh7 16. Bd2 f4 17. g4 Qc7 18. g5 h5 19. Re1 Rad8 20. Nh4 d5 21. Na3 d4 22. Nb5 Qd7 23. c4 b6 24. Rh1 Rh8 25. Qf1 Kg8 26. Bf3 Bf7 27. Qg2 Nc8 28. Kg1 Nd6 29. Nxd6 Qxd6 30. b3 Kf8 31. Kf1 Ke8 1/2-1/2

[Event "Asia-ch Rapid U20"]
[Site "Jamshedpur"]
[Date "2023.09.08"]
[Round "8"]
[White "Mukund Hemant, Agarwal"]
[Black "Gaikwad, Manas"]
[Result "1-0"]
[WhiteElo "1567"]
[BlackElo "1715"]
[PlyCount "107"]
[EventDate "2023.09.08"]
[EventType "swiss (rapid)"]
[EventRounds "9"]
[EventCountry "IND"]
[SourceTitle "CBM 216 Extra"]
[Source "ChessBase"]
[SourceDate "2023.11.30"]
[SourceVersion "1"]
[SourceVersionDate "2023.11.30"]
[SourceQuality "1"]

1. e4 c5 2. Nf3 d6 3. Bb5+ Bd7 4. Bxd7+ Qxd7 5. c4 Nc6 6. d4 cxd4 7. Nxd4 Nf6 8. Nc3 g6 9. h3 Bg7 10. Be3 0-0 11. 0-0 a6 12. a4 Rac8 13. b3 Rfd8 14. Qf3 Nb4 15. Rfd1 Qc7 16. Rac1 h6 17. Qe2 e6 18. f4 Qb8 19. f5 exf5 20. exf5 g5 21. Nc2 Nc6 22. Qd2 Ne7 23. Bd4 d5 24. cxd5 Nexd5 25. Nxd5 Rxd5 26. Ne3 Rxc1 27. Qxc1 Rd8 28. Qb2 Nh5 29. Bxg7 Rxd1+ 30. Nxd1 Nxg7 31. Qf6 Qf4 32. Qxh6 Qd4+ 33. Nf2 Qa1+ 34. Kh2 Qe5+ 35. Kg1 Qxf5 36. Ng4 Ne8 37. Qb6 Qd7 38. Qe3 Ng7 39. Nf6+ Kh8 40. Nxd7 Ne6 41. Qe5+ Kg8 42. Nc5 Nxc5 43. Qxg5+ Kh8 44. Qxc5 Kg7 45. Qg5+ Kf8 46. h4 b5 47. axb5 a5 48. h5 a4 49. bxa4 f6 50. Qxf6+ Ke8 51. Qg7 Kd8 52. h6 Kc8 53. h7 Kb8 54. h8Q# 1-0

[Event "Hosur op 3rd"]
[Site "Hosur"]
[Date "2023.02.03"]
[Round "6"]
[White "Ram, S Krishnan"]
[Black "Mukund Hemant, Agarwal"]
[Result "1/2-1/2"]
[WhiteElo "2002"]
[BlackElo "1651"]
[PlyCount "40"]
[EventDate "2023.02.01"]
[EventType "swiss"]
[EventRounds "9"]
[EventCountry "IND"]
[SourceTitle "CBM 212 Extra"]
[Source "ChessBase"]
[SourceDate "2023.03.31"]
[SourceVersion "1"]
[SourceVersionDate "2023.03.31"]
[SourceQuality "1"]

1. Nf3 Nf6 2. c4 c5 3. Nc3 Nc6 4. d4 cxd4 5. Nxd4 d6 6. e4 g6 7. Be2 Nxd4 8. Qxd4 Bg7 9. Bg5 0-0 10. Qd2 Be6 11. Rc1 Rc8 12. b3 Qa5 13. f3 a6 14. Na4 Qxd2+ 15. Kxd2 Rc6 16. g4 h5 17. h3 Rb8 18. Be3 hxg4 19. hxg4 Nd7 20. f4 Nf6 1/2-1/2

[Event "IND-ch U15 47th"]
[Site "New Delhi"]
[Date "2022.12.03"]
[Round "9"]
[White "Yohan, Yadav Tarala"]
[Black "Mukund Hemant, Agarwal"]
[Result "1/2-1/2"]
[WhiteElo "1469"]
[BlackElo "1662"]
[PlyCount "50"]
[EventDate "2022.11.28"]
[EventType "swiss"]
[EventRounds "11"]
[EventCountry "IND"]
[SourceTitle "CBM 211 Extra"]
[Source "ChessBase"]
[SourceDate "2023.01.31"]
[SourceVersion "1"]
[SourceVersionDate "2023.01.31"]
[SourceQuality "1"]

1. e4 c5 2. Nf3 d6 3. d4 cxd4 4. Nxd4 Nf6 5. Nc3 Nc6 6. Bg5 e6 7. Qd2 a6 8. 0-0-0 Bd7 9. Kb1 h6 10. Bh4 Nxe4 11. Nxe4 Qxh4 12. Nxd6+ Bxd6 13. Nxc6 Bxc6 14. Qxd6 Qxf2 15. Bxa6 Qb6 16. Rhe1 Qxa6 17. Rxe6+ fxe6 18. Qxe6+ Kf8 19. Qf5+ Kg8 20. Qe6+ Kh7 21. Qf5+ Kg8 22. Qe6+ Kh7 23. Qf5+ Kg8 24. Qe6+ Kh7 25. Qf5+ Kg8 1/2-1/2

[Event "Eastern Asia-ch U12"]
[Site "Tornelo INT"]
[Date "2021.10.31"]
[Round "8"]
[White "Dinh, Nho Kiet"]
[Black "Mukund Hemant, Agarwal"]
[Result "1-0"]
[WhiteElo "1762"]
[BlackElo "1187"]
[PlyCount "165"]
[EventDate "2021.10.29"]
[EventType "swiss"]
[EventRounds "9"]
[EventCountry "NET"]
[SourceTitle "EXT 2023"]
[Source "ChessBase"]
[SourceDate "2022.10.05"]
[SourceVersion "1"]
[SourceVersionDate "2022.10.05"]
[SourceQuality "1"]

1. d4 Nf6 2. c4 c5 3. d5 g6 4. Nc3 Bg7 5. e4 d6 6. Nf3 e6 7. Be2 0-0 8. 0-0 exd5 9. cxd5 a6 10. a4 Nbd7 11. Nd2 b6 12. Nc4 Ne5 13. Nxe5 dxe5 14. Be3 Qd6 15. f3 Bb7 16. Nb1 Ne8 17. Na3 Qc7 18. Rc1 a5 19. Nb5 Qd7 20. Qb3 Ba6 21. Rf2 Qd8 22. g4 Bxb5 23. Bxb5 Nd6 24. Bd3 Bf6 25. Rcf1 Rb8 26. Qc3 Qe7 27. Kh1 g5 28. Qd2 h6 29. h4 Kg7 30. Rh2 Rh8 31. Kg2 Rbc8 32. Rfh1 Kg6 33. Rh3 Kg7 34. Qc3 gxh4 35. Bf2 Bg5 36. Bxh4 f6 37. Be2 Nf7 38. Bf2 Nd6 39. Qb3 Qc7 40. Bb5 Qe7 41. Bc6 Qc7 42. Qd3 Nf7 43. Qa6 Rcd8 44. Rd1 Rhf8 45. Rhh1 Nd6 46. b4 axb4 47. a5 bxa5 48. Bxc5 Qc8 49. Qxa5 Nc4 50. Qxb4 Ne3+ 51. Bxe3 Bxe3 52. Rb1 Rf7 53. Qc3 Bg5 54. Rb2 Qa6 55. Bb5 Qa7 56. Bc6 Qa6 57. Rhb1 Rc8 58. Qc2 Qa7 59. Qd3 Rcc7 60. Rc2 Rc8 61. d6 Qa5 62. d7 Rd8 63. Qe2 Rfxd7 64. Bxd7 Rxd7 65. Rd1 Rb7 66. Qc4 Qb6 67. Qc8 Kg6 68. Qe8+ Kg7 69. Rd7+ Rxd7 70. Qxd7+ Kg6 71. Qe8+ Kg7 72. Qe7+ Kg6 73. Rc7 Qxc7 74. Qxc7 Bf4 75. Qd7 Bg5 76. Kf1 Bf4 77. Ke2 Bg5 78. Kd3 Bf4 79. Kc4 Be3 80. Kd5 Bf4 81. Ke6 h5 82. Qf7+ Kg5 83. Qxh5# 1-0